CV, jeho druhy a využitie

Možnosti ako sa môže jedinec, napríklad uchádzač o zamestnanie prezentovať je jeho životopis, alebo curriculum vitae. Druhy a formy životopisu a rozdiely medzi nimi. Univerzálny formát životopisu, ktorý vytvorila Európska únia.

Salvato in:
Dettagli Bibliografici
Autore principale: Záležáková, Eliška
Natura: Capitolo di libro
Lingua:slovacco
Soggetti:
Tags: Aggiungi Tag
Nessun Tag, puoi essere il primo ad aggiungerne!!

MARC

LEADER 00000nla a2200000 4500
001 0221287
005 20240502073633.3
041 0 |a slo 
044 |a SK 
245 1 0 |a CV, jeho druhy a využitie  |c Eliška Záležáková 
520 |a Možnosti ako sa môže jedinec, napríklad uchádzač o zamestnanie prezentovať je jeho životopis, alebo curriculum vitae. Druhy a formy životopisu a rozdiely medzi nimi. Univerzálny formát životopisu, ktorý vytvorila Európska únia. 
610 2 0 |a personalistika 
610 2 0 |a riadenie ľudských zdrojov 
610 2 0 |a výber pracovníkov 
610 2 0 |a prijímanie pracovníkov 
610 2 0 |a životopisy 
610 2 0 |a vzťahy pracovnoprávne 
100 1 |a Záležáková, Eliška